000 00462nam a2200181Ia 4500
001 24310
005 20260414151034.0
008 260414t2019||||xx |||||||||||||| ||spa||
041 _aESP
082 _a345.2
_bV67A
100 _aVillegas Paiva, Elky Alexander
_eAUT
245 0 _aEl proceso penal acusatorio :
_bproblemas y soluciones
260 _c2019
300 _a446 páginas :
_c25 cm.
650 _aDER
654 _aCDE
942 _cLIB
_dJUS
_fJUS
_2ddc
_n
999 _c24310
_d24310